| 000 | 00871nam a2200289 a 4500 | ||
|---|---|---|---|
| 001 | 000108439 | ||
| 003 | CHAP | ||
| 005 | 20240506115649.0 | ||
| 008 | 140212s2012 mx a |r| |||1|||spa|d | ||
| 010 | _a104901 | ||
| 011 | _a105873 | ||
| 020 | _a9786078246434 | ||
| 040 | _cCHAP | ||
| 082 | 0 | 4 |
_a546.0216 _bI62 |
| 245 | 0 | 0 |
_aInventario nacional de sustancias químicas : _bBase 2009 / _cpor Leonor Cedillo Becerril ...[et al.]. |
| 260 | 3 |
_aMéxico, D.F. : _bInstituto Nacional de Ecologia _bSEMARNAT, _c2012. |
|
| 300 |
_a123 p. : _bil. _e+ CD (4 3/4 plg.) |
||
| 590 |
_aE11695DGD _b10 _c20140220 |
||
| 590 |
_aE11695DGD _b10 _c20140221 |
||
| 590 |
_aE792CSJ _b05 _c20140212 |
||
| 590 |
_aE792CSJ _b05 _c20140212 |
||
| 650 | 1 | 4 |
_aProductos químicos. _992217 |
| 700 | 1 |
_aCedillo Becerril, Leonor _9125421 |
|
| 901 | _aBK | ||
| 942 |
_cLIBRO _2ddc |
||
| 942 |
_n0 _2ddc |
||
| 999 |
_c104901 _d104901 |
||